| Tag |
First Indicator |
Second Indicator |
Subfields |
| LEADER |
00000cam a22000008a 4500 |
| 001 |
in00000012511 |
| 005 |
20151007051836.0 |
| 008 |
871207s1988 nyu 00100 eng |
| 010 |
|
|
|a 87035918
|
| 020 |
|
|
|a 0275929752 (alk. paper)
|
| 020 |
|
|
|a 0275929744 (pbk. : alk. paper)
|
| 035 |
|
|
|a (OCoLC)17263926
|
| 035 |
|
|
|9 AAA5081AM
|
| 040 |
|
|
|a DLC
|c DLC
|d TXA
|d UtOrBLW
|
| 043 |
|
|
|a f-sa---
|
| 049 |
|
|
|a TXAM
|c [A12605481]
|
| 050 |
0 |
0 |
|a DT779.952
|b .S654 1988
|
| 082 |
0 |
|
|a 968.06/3
|2 19
|
| 245 |
0 |
0 |
|a South Africa, in transition to what? /
|c Helen Kitchen, editor.
|
| 263 |
|
|
|a 8802
|
| 264 |
|
1 |
|a New York :
|b Praeger ;
|a Washington, D.C. :
|b Center for Strategic and International Studies,
|c 1988.
|
| 300 |
|
|
|a xii, 201 pages
|
| 336 |
|
|
|a text
|b txt
|2 rdacontent
|
| 337 |
|
|
|a unmediated
|b n
|2 rdamedia
|
| 338 |
|
|
|a volume
|b nc
|2 rdacarrier
|
| 490 |
1 |
|
|a The Washington papers,
|x 0278-937X ;
|v 132
|
| 500 |
|
|
|a Includes index.
|
| 651 |
|
0 |
|a South Africa
|x Politics and government
|y 1978-1989.
|
| 700 |
1 |
|
|a Kitchen, Helen A.
|
| 830 |
|
0 |
|a Washington papers ;
|v 132.
|
| 999 |
|
|
|a MARS
|
| 999 |
f |
f |
|s bd91c8d4-aea1-36ed-8a7e-86048e230fef
|i bef1039d-fec1-3717-a26d-205ddf4f3f05
|t 0
|
| 952 |
f |
f |
|p ric
|a Texas A&M University
|b Rellis Campus
|c Joint Library Facility
|d Remote Storage
|t 0
|e DT779.952 .S654 1988
|h Library of Congress classification
|i unmediated -- volume
|m A14812605481
|
| 998 |
f |
f |
|a DT779.952 .S654 1988
|t 0
|l Remote Storage
|